000 00328nam a22001457a 4500
008 230502b ||||| |||| 00| 0 eng d
020 _a9780306480737
041 _aeng
080 _a030
082 _a030SAJ
100 _a44
101 _aENCIKLO
245 _aENCYCLOPEDIA OF WOMEN'S HEALTH
_cSAJATOVIC.M
942 _2udc
_cBK
999 _c59643
_d59643